Position: Team | Hall of Famer |
OF: Milwaukee Braves | Aaron, Hank | | 96.4% | 2B: Toronto Blue Jays | Alomar, Roberto | | 93.9% | SS: Chicago Cubs | Banks, Ernie | | 90.9% | C: New York Yankees | Berra, Yogi | | 90.9% | 1B: Chicago Cubs | Anson, Cap | | 90.4% | C: Cincinnati Reds | Bench, Johnny | | 90.4% | 3B: Kansas City Royals | Brett, George | | 90.4% | 1B: New York Yankees | Gehrig, Lou | | 90.4% | SS: Chicago White Sox | Aparicio, Luis | | 88.8% | C: Montreal Expos | Carter, Gary | | 88.8% | 3B: Boston Red Sox | Boggs, Wade | | 88.3% | 2B: Minnesota Twins | Carew, Rod | | 88.3% | C: Brooklyn Dodgers | Campanella, Roy | | 87.8% | P: St. Louis Cardinals | Gibson, Bob | | 87.8% | P: Minnesota Twins | Blyleven, Bert | | 87.3% | OF: Pittsburgh Pirates | Clemente, Roberto | | 87.3% | P: Philadelphia Phillies | Carlton, Steve | | 86.8% | SS: Chicago White Sox | Appling, Luke | | 85.3% | OF: Montreal Expos | Dawson, Andre | | 85.3% | OF: Philadelphia Phillies | Ashburn, Richie | | 84.8% | OF: San Diego Padres | Gwynn, Tony | | 84.8% | OF: Detroit Tigers | Kaline, Al | | 84.8% | P: Baltimore Orioles | Palmer, Jim | | 84.8% | P: Atlanta Braves | Glavine, Tom | | 84.5% | P: Los Angeles Dodgers | Drysdale, Don | | 84.3% | C: Negro Leagues | Gibson, Josh | | 84.3% | OF: New York Yankees | Jackson, Reggie | | 84.3% | 3B: Minnesota Twins | Killebrew, Harmon | | 84.3% | P: Los Angeles Dodgers | Koufax, Sandy | | 83.8% | SS: Cincinnati Reds | Larkin, Barry | | 83.8% | OF: New York Giants | Ott, Mel | | 83.8% | 1B: San Francisco Giants | Cepeda, Orlando | | 83.2% | C: New York Yankees | Dickey, Bill | | 83.2% | P: Oakland Athletics | Eckersley, Dennis | | 83.2% | 2B: Detriot Tigers | Gehringer, Charlie | | 83.2% | OF: New York Yankees | Mantle, Mickey | | 83.2% | OF: Minnesota Twins | Puckett, Kirby | | 83.2% | OF:New York Yankees | DiMaggio, Joe | | 82.7% | 3B: Milwaukee Braves | Mathews, Eddie | | 82.7% | P: Philadelphia Phillies | Alexander, Grover Cleveland | | 82.2% | OF: St. Louis Cardinals | Brock, Lou | | 82.2% | C: Boston Red Sox | Fisk, Carlton | | 82.2% | P: Washington Senators | Johnson, Walter | | 82.2% | 2B: New York Yankees | Lazzeri, Tony | | 82.2% | SS: Brooklyn Dodgers | Reese, Pee Wee | | 81.7% | SS: Baltimore Orioles | Ripken, Cal | | 81.7% | 1B: Chicago Cubs | Chance, Frank | | 81.2% | C: Philadelphia Athletics | Cochrane, Mickey | | 81.2% | P: Cleveland Indians | Feller, Bob | | 81.2% | OF: Boston Red Sox | Rice, Jim | | 81.2% | P: St. Louis Cardinals | Dean, Dizzy | | 80.7% | 3B: Philadelphia Athletics | Baker, Frank | | 80.2% | OF: Detroit Tigers | Cobb, Ty | | 80.2% | P: New York Yankees | Gossage, Rich “Goose” | | 80.2% | P: San Francisco Giants | Marichal, Juan | | 80.2% | 3B: Baltimore Orioles | Robinson, Brooks | | 80.2% | OF: Cincinnati Reds | Robinson, Frank | | 80.2% | 3B: Philadelphia Phillies | Schmidt, Mike | | 80.2% | SS: Cleveland Indians | Boudreau, Lou | | 79.7% | 2B: Chicago Cubs | Evers, Johnny | | 79.7% | P: New York Yankees | Ford, Whitey | | 79.7% | 2B: Chicago White Sox | Fox, Nellie | | 79.7% | 1B: Detriot Tigers | Greenberg, Hank | | 79.7% | P: Oakland Athletics | Hunter, Catfish | | 79.7% | 2B: Pittsburgh Pirates | Mazeroski, Bill | | 79.7% | 1B: Cincinnati Reds | Perez, Tony | | 79.7% | SS: New York Yankees | Rizzuto, Phil | | 79.7% | OF: Cleveland Indians | Averill, Earl | | 79.2% | P: New York Giants | Mathewson, Christy | | 79.2% | 1B: San Francisco Giants | McCovey, Willie | | 79.2% | P: Atlanta Braves | Niekro, Phil | | 79.2% | 2B: Brooklyn Dodgers | Robinson, Jackie | | 79.2% | 2B: Chicago Cubs | Sandberg, Ryne | | 79.2% | P: Chicago Cubs | Brown, Mordecai | | 78.7% | 2B: Boston Red Sox | Doerr, Bobby | | 78.7% | 1B: Boston Red Sox | Foxx, Jimmie | | 78.7% | P: New York Yankees | Gomez, Lefty | | 78.7% | OF: Oakland Athletics | Henderson, Rickey | | 78.7% | 2B: St. Louis Cardinals | Hornsby, Rogers | | 78.7% | P: Chicago Cubs | Jenkins, Ferguson | | 78.7% |
|
Position: Team | Hall of Famer |
P: Atlanta Braves | Maddux, Greg | | 78.4% | 2B: Chicago White Sox | Collins, Eddie | | 78.2% | P: Oakland Athletics | Fingers, Rollie | | 78.2% | C: Chicago Cubs | Hartnett, Gabby | | 78.2% | P: Texas Rangers | Ryan, Nolan | | 78.2% | 3B: Chicago Cubs | Santo, Ron | | 78.2% | P: Philadelphia Athletics | Grove, Lefty | | 77.7% | 2B: Cincinnati Reds | Morgan, Joe | | 77.7% | P: New York Mets | Seaver, Tom | | 77.7% | SS: St. Louis Cardinals | Smith, Ozzie | | 77.2% | OF: New York Yankees | Combs, Earle | | 76.6% | OF: St. Louis Cardinals | Musial, Stan | | 76.6% | 2B: St. Louis Cardinals | Frisch, Frankie | | 76.1% | 2B: New York Yankees | Gordon, Joe | | 76.1% | SS: New York Giants | Jackson, Travis | | 76.1% | OF: Pittsburgh Pirates | Kiner, Ralph | | 76.1% | 2B: Milwaukee Brewers | Molitor, Paul | | 75.6% | P: Milwaukee Braves | Spahn, Warren | | 75.6% | P: Philadelphia Phillies | Bunning, Jim | | 75.1% | OF: Washington Senators | Goslin, Goose | | 75.1% | P: Cleveland Indians | Lemon, Bob | | 75.1% | C: Cincinnati Reds | Lombardi, Ernie | | 75.1% | OF: New York Giants | Mays, Willie | | 75.1% | 1B: St. Louis Cardinals | Bottomley, Jim | | 74.6% | C: New York Giants | Bresnahan, Roger | | 74.6% | 3B: Detroit Tigers | Kell, George | | 74.6% | 2B: Cleveland Indians | Lajoie, Nap | | 74.6% | P: Philadelphia Phillies | Roberts, Robin | | 74.6% | OF: New York Giants | Irvin, Monte | | 73.6% | 1B: Baltimore Orioles | Murray, Eddie | | 73.6% | P: San Francisco Giants | Perry, Gaylord | | 73.6% | OF: Negro Leagues | Bell, Cool Papa | | 73.1% | OF: Detriot Tigers | Heilmann, Harry | | 73.1% | P: Philadelphia Athletics | Bender, Chief | | 72.6% | P: Detroit Tigers | Newhouser, Hal | | 72.6% | OF: Brooklyn Dodgers | Snider, Duke | | 72.6% | P: Los Angeles Dodgers | Sutton, Don | | 72.6% | P: New York Yankees | Chesbro, Jack | | 71.6% | OF: Washington Senators | Rice, Sam | | 71.6% | OF: New York Yankees | Ruth, Babe | | 71.6% | OF: Pittsburgh Pirates | Stargell, Willie | | 71.6% | SS: Boston Red Sox | Cronin, Joe | | 71.1% | SS: Chicago Cubs | Tinker, Joe | | 71.1% | C: New York Giants | Ewing, Buck | | 70.6% | P: New York Giants | Hubbell, Carl | | 70.6% | 3B: Negro Leagues | Johnson, Judy | | 70.6% | SS: Pittsburgh Pirates | Wagner, Honus | | 70.6% | 1B: Buffalo Bisons | Brouthers, Dan | | 70.1% | P: Negro Leagues | Brown, Ray | | 70.1% | OF: Pittsburgh Pirates | Carey, Max | | 70.1% | SS: Philadelphia Phillies | Bancroft, Dave | | 69.5% | 1B: Pittsburgh Pirates | Beckley, Jake | | 69.5% | OF: Pittsburgh Pirates | Clarke, Fred | | 69.5% | P: Negro Leagues | Paige, Satchel | | 69.5% | 2B: St. Louis Cardinals | Schoendienst, Red | | 69.5% | 1B: Negro Leagues | Charleston, Oscar | | 69% | 1B: New York Giants | Kelly, George | | 69% | 3B: Boston Red Sox | Collins, Jimmy | | 68.5% | SS: New York Giants | Davis, George | | 68.5% | OF: Philadelphia Phillies | Delahanty, Ed | | 68.5% | OF: Cleveland Indians | Doby, Larry | | 68.5% | P: Chicago White Sox | Faber, Red | | 68.5% | C: St Louis Browns | Ferrell, Rick | | 68% | P: Cleveland Indians | Joss, Addie | | 68% | 3B: Pittsburgh Pirates | Traynor, Pie | | 68% | OF: Pittsburgh Pirates | Waner, Lloyd | | 67.5% | OF: Detriot Tigers | Crawford, Sam | | 67% | OF: Philadelphia Phillies | Klein, Chuck | | 67% | OF: St. Louis Cardinals | Medwick, Joe | | 67% | 1B: St. Louis Browns | Sisler, George | | 67% | SS: Boston Braves | Maranville, Rabbit | | 66.5% | 1B: St. Louis Cardinals | Mize, Johnny | | 66.5% | C: Chicago White Sox | Schalk, Ray | | 66.5% | P: Brooklyn Dodgers | Vance, Dazzy | | 66.5% | SS: Milwaukee Brewers | Yount, Robin | | 66.5% | OF: Negro Leagues | Brown, Willard | | 66% | P: Boston Braves | Clarkson, John | | 66% | P: Buffalo Bisons | Galvin, Pud | | 66% | P: New York Yankees | Hoyt, Waite | | 66% | P: New York Yankees | Pennock, Herb | | 66% |
|
Position: Team | Hall of Famer |
P: Cleveland Indians | Coveleski, Stan | | 65.5% | OF: Baltimore Orioles | Kelley, Joe | | 65.5% | OF: Pittsburgh Pirates | Waner, Paul | | 65.5% | OF: Chicago Cubs | Cuyler, Kiki | | 65% | P: Chicago White Sox | Lyons, Ted | | 65% | 1B: Chicago White Sox | Thomas, Frank | | 64.9% | P: Negro Leagues | Dihigo, Martin | | 64.5% | P: Providence Grays | Radbourn, Charles “Old Hoss” | | 64.5% | OF: Boston Red Sox | Williams, Ted | | 64.5% | OF: Boston Red Sox | Yastrzemski, Carl | | 64.5% | OF: Cleveland Spiders | Burkett, Jesse | | 64% | P: Philadelphia Athletics | Plank, Eddie | | 64% | P: Cincinnati Reds | Rixey, Eppa | | 64% | 1B: New York Giants | Connor, Roger | | 63.5% | P: Brooklyn Dodgers | Grimes, Burleigh | | 63.5% | OF: Philadelphia Athletics | Simmons, Al | | 63.5% | OF: Cleveland Indians | Speaker, Tris | | 63.5% | SS: Pittsburgh Pirates | Vaughan, Arky | | 62.9% | 3B: Negro Leagues | Dandridge, Ray | | 62.4% | OF: St. Louis Cardinals | Hafey, Chick | | 62.4% | 2B: Chicago Cubs | Herman, Billy | | 62.4% | OF: Boston Red Sox | Hooper, Harry | | 62.4% | OF: New York Yankees | Keeler, Willie | | 62.4% | P: New York Giants | McGinnity, Joe | | 62.4% | 2B: Cincinnati Reds | McPhee, Bid | | 62.4% | P: St. Louis Cardinals | Sutter, Bruce | | 62.4% | OF: Cleveland Indians | Flick, Elmer | | 61.9% | OF: Washington Senators | Manush, Heinie | | 61.9% | OF: St. Louis Cardinals | Slaughter, Enos | | 61.9% | P: Negro Leagues | Smith, Hilton | | 61.9% | P: Negro Leagues | Foster, Bill | | 61.4% | P: St. Louis Cardinals | Haines, Jesse | | 61.4% | P: New York Giants | Marquard, Rube | | 61.4% | 1B: New York Giants | Terry, Bill | | 61.4% | 3B: New York Giants | Lindstrom, Freddie | | 60.9% | OF: Cincinnati Reds | Roush, Edd | | 60.9% | 1B: Negro Leagues | Leonard, Buck | | 60.4% | P: Boston Braves | Nichols, Kid | | 60.4% | P: New York Yankees | Ruffing, Red | | 60.4% | P: Negro Leagues | Williams, Smoky Joe | | 60.4% | P: Boston Braves | Young, Cy | | 60.4% | P: Philadelphia Athletics | Waddell, Rube | | 59.9% | OF: Chicago Cubs | Williams, Billy | | 59.9% | P: Negro Leagues | Day, Leon | | 59.4% | C: Negro Leagues | Mackey, Biz | | 59.4% | OF: San Diego Padres | Winfield, Dave | | 59.4% | OF: Boston Braves | Duffy, Hugh | | 58.4% | SS: Baltimore Orioles | Jennings, Hughie | | 58.4% | OF: Boston Braves | McCarthy, Tommy | | 58.4% | C: Negro Leagues | Santop, Louis | | 57.9% | OF: New York Giants | Youngs, Ross | | 57.9% | OF: Boston Braves | Hamilton, Billy | | 57.4% | P: New York Giants | Keefe, Tim | | 57.4% | OF: New York Giants | O'Rourke, Jim | | 57.4% | P: New York Giants | Rusie, Amos | | 56.3% | SS: Cleveland Indians | Sewell, Joe | | 56.3% | OF: Philadelphia Philles | Thompson, Sam | | 56.3% | P: Chicago White Sox | Walsh, Ed | | 56.3% | OF: Chicago Cubs | Wilson, Hack | | 55.3% | 2B: Negro Leagues | Grant, Frank | | 54.8% | 1B: Negro Leagues | Suttles, Mule | | 53.8% | OF: Brooklyn Dodgers | Wheat, Zack | | 53.8% | P: Negro Leagues | Cooper, Andy | | 53.3% | P: Cleveland Indians | Wynn, Early | | 52.3% | OF: Negro Leagues | Hill, Pete | | 49.7% | OF: Chicago White Sox | Kelly, King | | 49.7% | 1B: Negro Leagues | Taylor, Ben | | 49.7% | SS: St. Louis Browns | Wallace, Bobby | | 48.7% | OF: Negro Leagues | Stearnes, Turkey | | 48.2% | OF: Negro Leagues | Torriente, Cristobal | | 48.2% | SS: Negro Leagues | Lloyd, John Henry “Pop” | | 47.7% | P: Negro Leagues | Rogan, Bullet | | 47.7% | P: Chicago White Sox | Wilhelm, Hoyt | | 47.7% | P: New York Giants | Welch, Mickey | | 46.2% | 3B: Negro Leagues | Wilson, Jud | | 46.2% | P: Negro Leagues | Mendez, Jose | | 45.2% | SS: Negro Leagues | Wells, Willie | | 43.7% | P: Boston Braves | Willis, Vic | | 43.7% | SS: New York Giants | Ward, John Montgomery | | 42.6% |
|
Comments